000 00925cab a2200241 4500
001 ABS58527
008 090401t1998 xxu||||| |||| 00| 0 eng d
035 _a(Sirsi) u85820
041 _aeng
100 _aBrewer, G.
245 _aNeeding clear definition
260 _c1998
350 _a0
490 _aContract Journal
_v393(6172) 22 April 1998, 21(1)
520 _aConsiders the issue of certificates of practical completion, looking at the case of "George Fischer Ltd v Davis Langdon & Everest". Investigates the rights and obligations of parties involved in a standard form of construction contract.
650 _aCERTIFICATE OF PRACTICAL COMPLETION
650 _aCERTIFICATES OF PRACTICAL COMPLETION
650 _aGEORGE FISCHER LTD V DAVIS LANGDON & EVEREST
650 _aSTANDARD FORM OF BUILDING CONTRACT
690 _aBUILT ENVIRONMENT-BUILDING CONTRACT FORMS
942 _n0
948 _c27/04/1998
999 _c53979
_d53979